Numbers , time and money : (Record no. 9939)

MARC details
000 -LEADER
fixed length control field 01318nam a22003137a 4500
001 - CONTROL NUMBER
control field 9939
003 - CONTROL NUMBER IDENTIFIER
control field FISKH
005 - DATE AND TIME OF LATEST TRANSACTION
control field 20260318122533.0
008 - FIXED-LENGTH DATA ELEMENTS--GENERAL INFORMATION
fixed length control field 260318b cb ||||| |||| 00| 0 eng d
020 ## - INTERNATIONAL STANDARD BOOK NUMBER
International Standard Book Number 054335002253
040 ## - CATALOGING SOURCE
Original cataloging agency FISKH
Language of cataloging eng
Transcribing agency FISKH
Modifying agency FISKH
082 ## - DEWEY DECIMAL CLASSIFICATION NUMBER
Classification number 513.2
100 ## - MAIN ENTRY--PERSONAL NAME
Personal name Merttens , Ruth
245 ## - TITLE STATEMENT
Title Numbers , time and money :
Remainder of title A workbook on subtraction time , money and measurement /
Statement of responsibility, etc. Ruth Merttens : Illustrated by Alan Snow
250 ## - EDITION STATEMENT
Edition statement First Fantail Printing June , 1989
260 ## - PUBLICATION, DISTRIBUTION, ETC.
Place of publication, distribution, etc. London :
Name of publisher, distributor, etc. Penguin Books Ltd ,
Date of publication, distribution, etc. 1987 .
300 ## - PHYSICAL DESCRIPTION
Extent 23 pages :
Other physical details color illustrations ;
Dimensions 24 cm .
490 ## - SERIES STATEMENT
Series statement The Parent and Child Program
Volume/sequential designation Workbook
505 ## - FORMATTED CONTENTS NOTE
Formatted contents note G <br/>
520 ## - SUMMARY, ETC.
Summary, etc. This workbook is designed to help young children learn basic math skills together with a parent. It focuses on:<br/><br/>Numbers and counting<br/><br/>Understanding time (days, hours, telling time)<br/><br/>Money skills (coins, simple values)<br/><br/>The book uses activities and exercises so children can learn by doing, often with help from an adult.
521 8# - TARGET AUDIENCE NOTE
Target audience note 400 <br/>
Source Lexile estimate <br/>
521 8# - TARGET AUDIENCE NOTE
Target audience note G <br/>
Source Raz-Plus <br/>
650 ## - SUBJECT ADDED ENTRY--TOPICAL TERM
Topical term or geographic name entry element Teaching tools
Form subdivision Non-fiction
650 ## - SUBJECT ADDED ENTRY--TOPICAL TERM
Topical term or geographic name entry element Workbook
Form subdivision Non-fiction
650 ## - SUBJECT ADDED ENTRY--TOPICAL TERM
Topical term or geographic name entry element Homeschool
Form subdivision Non-fiction
700 ## - ADDED ENTRY--PERSONAL NAME
Personal name Snow , Alan
Relator term Illustrator
942 ## - ADDED ENTRY ELEMENTS (KOHA)
Source of classification or shelving scheme Dewey Decimal Classification
Koha item type Books
Suppress in OPAC No
Holdings
Withdrawn status Lost status Source of classification or shelving scheme Damaged status Not for loan Collection Home library Current library Shelving location Date acquired Total Checkouts Full call number Barcode Date last seen Price effective from Koha item type
    Dewey Decimal Classification     Non-Fiction Footprints International School Library Network Toul Tom Poung Campus Footprints International School Library Network Toul Tom Poung Campus TTP Primary Dark Blue Bookshelves 03/18/2026   MER 513.2 FISBK072629 03/18/2026 03/18/2026 Books